000 00908cab a2200289 4500
001 ABS58171
008 090401t1997 xxu||||| |||| 00| 0 eng d
035 _a(Sirsi) u83149
041 _aeng
110 _aShelter Scotland
_93573
245 _aHousing agreements in supported accommodation in Scotland
260 _c1997
350 _a0
490 _aProperty Law
_v(30) December 1997 4-6(3)
520 _aSummary of the report written for Shelter Scotland. Looks at the types of housing agreements that are used in supported accommodation in the voluntary sector in Scotland.
650 _aASSURED TENANCIES
650 _aHOUSING AGREEMENTS
650 _aHOUSING
650 _aSCOTLAND
650 _aSECURE TENANCIES
650 _aSHELTER SCOTLAND
650 _aSHORT ASSURED TENANCIES
650 _aSUPPORTED ACCOMMODATION
690 _aHOUSING
942 _n0
948 _c16/01/1998
999 _c52523
_d52523